000 00321nam a2200133Ia 4500
001 688
008 241024s9999 xx 000 0 und d
082 _aRD/861.44/M516s
100 _aFreddy Mejia
245 0 _aSueƱos de la democracia
260 _bSanto Domingo
_c2007
901 _a26/11/2010 3:34:56 p.m.
999 _c7883
_d7883